Spôsoby získania a udržania si konkurenčnej výhody v logistike v súčasnom dynamickom trhovom prostredí

Súčasné technologické trendy na globálnom trhu. Prístupy vybraných autorov k spôsobom udržania si konkurencieschopnosti na globálnych trhoch. Možnosti zvýšenia konkurencieschopnosti podnikov v oblasti logistiky. Business model za účelom ilustrácie faktorov úspechu odzrkadľujúcich náš názor na diskut...

Descripción completa

Guardado en:
Detalles Bibliográficos
Autor principal: Horváthová, Miroslava
Formato: Capítulo de libro
Lenguaje:eslovaco
Materias:
Etiquetas: Agregar Etiqueta
Sin Etiquetas, Sea el primero en etiquetar este registro!

MARC

LEADER 00000naa$a2200000$$$4500
001 0250378
005 20240502074019.9
041 0 |a slo 
044 |a SK 
245 1 0 |a Spôsoby získania a udržania si konkurenčnej výhody v logistike v súčasnom dynamickom trhovom prostredí  |c Miroslava Horváthová 
520 |a Súčasné technologické trendy na globálnom trhu. Prístupy vybraných autorov k spôsobom udržania si konkurencieschopnosti na globálnych trhoch. Možnosti zvýšenia konkurencieschopnosti podnikov v oblasti logistiky. Business model za účelom ilustrácie faktorov úspechu odzrkadľujúcich náš názor na diskutovanú problematiku. 
610 2 0 |a logistika 
610 2 0 |a konkurencieschopnosť 
610 2 0 |a trh medzinárodný 
610 2 0 |a faktory rastu hospodárskeho 
610 2 0 |a prostredie konkurenčné 
610 2 0 |a výhody konkurenčné 
100 1 |a Horváthová, Miroslava